Panini World Cup 1982 Stickers - Statistics

General Stats
  • This quiz has been taken 62 times
  • The average score is 15 of 32
Answer Stats
Picture Hint Answer % Correct
Argentina Diego Maradona
94%
France Michel Platini
88%
Italy Dino Zoff
78%
Italy Paolo Rossi
74%
Brazil Zico
74%
West Germany Karl-Heinz Rummenigge
72%
Argentina Mario Kempes
66%
England Peter Shilton
66%
England Kevin Keegan
64%
Brazil Socrates
60%
West Germany Harald Schumacher
58%
West Germany Paul Breitner
56%
Scotland Graeme Souness
54%
Poland Grzegorz Lato
50%
Poland Zbigniew Boniek
50%
Argentina Daniel Passarella
42%
Northern Ireland Pat Jennings
42%
West Germany Pierre Littbarski
40%
Peru Teofilo Cubillas
40%
Belgium Eric Gerets
38%
Czechoslovakia Antonin Panenka
36%
France Alain Giresse
32%
Italy Marco Tardelli
32%
France Marius Tresor
28%
Italy Bruno Conti
26%
Soviet Union Oleg Blochin
24%
Italy Gaetano Scirea
22%
England Mick Mills
22%
Spain Luis Arconada
20%
Yugoslavia Safet Sušić
16%
Chile Elías Figueroa
14%
Brazil Junior
14%
No matching quizzes found
Score Distribution
Percent of People with Each Score
Percentile by Number Answered
Your Score History
You have not taken this quiz